00931nac a22002411u 4500008004100000010001400041020002500055022002200080082001500102100004000117245012300157260004600280300004000326500002100366500002500387504005100412511002800463650002700491650002900518942002300547999001500570952010400585090317t xxu||||| |||| 00| 0 eng d a013691637 a9780131293168 (pbk.) a0131293168 (pbk.) a330.9bMAC aMacKinnon, Danny. 92329 aIntroduction to economic geography : globalization, uneven development and place /cDanny MacKinnon and Andrew Cumbers aHarlow :bPrentice Hall, C.2007.cC.2007. axxi, 354 p. :bill., maps ;c25 cm. aFormerly CIP. Uk aDistributer: Baccah. aIncludes bibliographical references and index. aCatalogued By: Mahitab. aCumbers, Andrew.92331 92330aEconomic geography cBBk330.9 MAC2ddc c9032d9032 00104070aMAINbMAINc1STd2008-04-06ePurchasel1o330.9 MACp000010867r2025-07-15 00:00:00yBB